00203nam a22000857a 4500082001200000100002100012245003100033260004500064300000800109 a540 HOR aPhilip A.Horrign aThe challenge of chemistry aNew YorkbMcGraw Hill Book Companyc1970 a243